| 000 | 00606nam a2200205Ia 4500 | ||
|---|---|---|---|
| 001 | 44960 | ||
| 003 | OSt | ||
| 005 | 20150707110053.0 | ||
| 008 | 140428s9999 xx 000 0 und d | ||
| 020 | _aNA | ||
| 040 | _cPK-LaUMT | ||
| 082 |
_a 891.4393 _bTAL-R |
||
| 100 | _aTalat Jabeen(طلعت جبین) | ||
| 245 |
_aRang-e-zeest (Urdu)(رنگ زیست) _cTalat Jabeen(طلعت جبین) |
||
| 260 |
_aLahore,Pakistan:(لاہور، پاکستان ) _bPars Publications,(پارس پبلیکیشز) _c2008 |
||
| 300 | _a192 p. | ||
| 546 | _aUR | ||
| 650 | _aPakistani literature-Urdu | ||
| 942 |
_cBK _2ddc |
||
| 999 |
_c42931 _d42931 |
||